| 000 | 01186cam a2200349 i 4500 | ||
|---|---|---|---|
| 999 |
_c200447001 _d65213 |
||
| 001 | 200447001 | ||
| 003 | TR-AnTOB | ||
| 005 | 20220802102332.0 | ||
| 007 | ta | ||
| 008 | 220201s1999 tu 000 0 tur d | ||
| 040 |
_aBK9 _beng _erda _cTR-AnTOB |
||
| 041 | 0 | _atur | |
| 050 | 1 | 4 |
_aT56.8 _b.T87 1999 |
| 090 |
_aTOBBK T56.8 _b.T87 1999 |
||
| 245 | 0 | 0 |
_aBilişim projeleri yönetimi el kitabı / _cTBD Bilişim Projeleri Yönetimi Çalışma Grubu. |
| 264 | 1 |
_aAnkara : _bTürkiye Bilişim Derneği, _c1999. |
|
| 300 |
_a112 pages ; _c20 cm |
||
| 336 |
_atext _btxt _2rdacontent |
||
| 337 |
_aunmediated _bn _2rdamedia |
||
| 338 |
_avolume _bnc _2rdacarrier |
||
| 490 | 0 |
_aTürkiye Bilişim Derneği Yayınları ; _v10 |
|
| 650 | 0 | _aIndustrial project management. | |
| 650 | 7 |
_aProje yönetimi _2etuturkob _914596 |
|
| 650 | 0 |
_aIndustrial project management _xData processing. |
|
| 650 | 0 |
_aProduction planning _xCongresses. |
|
| 650 | 7 |
_aÜretim planlaması _2etuturkob _930419 |
|
| 650 | 0 | _aNetwork planning (Planning) | |
| 650 | 7 |
_aŞebeke analizi (Planlama) _2etuturkob _939525 |
|
| 942 |
_2z _cBK |
||